An Introduction to XML Query Processing and Keyword Search

"An Introduction to XML Query Processing and Keyword Search" systematically and comprehensively covers the latest advances in XML data searching. It presents an extensive overview of the current query processing and keyword search techniques on XML data, including XML labeling schemes, ind...

Full description

Bibliographic Details
Main Author: Lu, Jiaheng (Author)
Corporate Author: SpringerLink (Online service)
Format: Electronic eBook
Language:English
Published: Berlin, Heidelberg : Springer Berlin Heidelberg : Imprint: Springer, 2013.
Subjects:
Online Access:Full Text via HEAL-Link
LEADER 02534nam a22004575i 4500
001 978-3-642-34555-5
003 DE-He213
005 20151204162510.0
007 cr nn 008mamaa
008 130321s2013 gw | s |||| 0|eng d
020 |a 9783642345555  |9 978-3-642-34555-5 
024 7 |a 10.1007/978-3-642-34555-5  |2 doi 
040 |d GrThAP 
050 4 |a QA76.9.D3 
072 7 |a UN  |2 bicssc 
072 7 |a UMT  |2 bicssc 
072 7 |a COM021000  |2 bisacsh 
082 0 4 |a 005.74  |2 23 
100 1 |a Lu, Jiaheng.  |e author. 
245 1 3 |a An Introduction to XML Query Processing and Keyword Search  |h [electronic resource] /  |c by Jiaheng Lu. 
264 1 |a Berlin, Heidelberg :  |b Springer Berlin Heidelberg :  |b Imprint: Springer,  |c 2013. 
300 |a XII, 292 p.  |b online resource. 
336 |a text  |b txt  |2 rdacontent 
337 |a computer  |b c  |2 rdamedia 
338 |a online resource  |b cr  |2 rdacarrier 
347 |a text file  |b PDF  |2 rda 
505 0 |a Introduction -- XML labeling scheme -- XML data indexing -- XML tree pattern processing -- Ordered and Generalized XML Tree Pattern Processing -- Effective XML Keyword Search -- XML Keyword Pattern Refinement -- LCRA: XML Keyword Search System and Lotusx: Graphical Query Processing System -- Summary and The Road Ahead. 
520 |a "An Introduction to XML Query Processing and Keyword Search" systematically and comprehensively covers the latest advances in XML data searching. It presents an extensive overview of the current query processing and keyword search techniques on XML data, including XML labeling schemes, indexing, processing on order and un-order XML tree patterns, XML query optimization, results estimation, and XML keyword searches, which are elaborated in separate chapters. Graduate students and researchers in the field of XML data searching will find this book an invaluable resource.    Prof. Jiaheng Lu is an associate professor at Renmin University of China’s School of Information. 
650 0 |a Computer science. 
650 0 |a Database management. 
650 0 |a Information storage and retrieval. 
650 1 4 |a Computer Science. 
650 2 4 |a Database Management. 
650 2 4 |a Information Storage and Retrieval. 
650 2 4 |a Information Systems Applications (incl. Internet). 
710 2 |a SpringerLink (Online service) 
773 0 |t Springer eBooks 
776 0 8 |i Printed edition:  |z 9783642345548 
856 4 0 |u http://dx.doi.org/10.1007/978-3-642-34555-5  |z Full Text via HEAL-Link 
912 |a ZDB-2-SCS 
950 |a Computer Science (Springer-11645)